02597nam a2200229 a 450000100080000000500110000800800410001910000250006024501640008526005320024930000140078152014180079565000130221365000120222670000200223870000140225870000180227270000150229070000230230570000210232870000180234921774312025-07-22 2009 bl uuuu u00u1 u #d1 aJANUSCKIEWICZ, E. R. aComponentes morfológicos e massa de forragem de aveia, trigo e triticale manejados sob duas alturas de resíduos e pastejo rotacionado.h[electronic resource] aIn: CONGRESSO BRASILEIRO DE ZOOTECNIA, 19.; CONGRESSO INTERNACIONAL DE ZOOTECNIA, 11.; FÓRUM DE COORDENADORES DE CURSOS DE ZOOTECNIA DAS UNIVERSIDADES BRASILEIRAS, 5.; FÓRUM DE ESTUDANTES DE CURSOS DE ZOOTECNIA DAS UNIVERSIDADES BRASILEIRAS, 5.; REUNIÃO NACIONAL DE ENSINO DE ZOOTECNIA, 15.; FÓRUM DE ENTIDADES DE ZOOTECNISTAS, 22., 2009, Águas de Lindóia. Visão estratégica de cadeias do agronegócio: anais. Pirassununga: Faculdade de Zootecnia e Engenharia de Alimentos: Associação Brasileira de Zootecnistasc2009 c1 CD-ROM. aO objetivo do trabalho foi avaliar a altura, a massa de forragem e a massa de folhas, colmos e material morto, bem como o número de perfilhos de pastos de trigo, triticale e aveia manejados sob duas alturas de resíduo pós-pastejo e pastejo rotativo. O experimento foi conduzido na FCAV/UNESP. Foram medidos 20 pontos de altura, com bengala graduada em centímetros, dentro de cada parcela para obtenção das alturas médias para realização das amostragens. As amostras foram separadas em folhas, colmos e material morto, secas em estufa à 55º C por 72 horas e pesadas. Foram realizados três ciclos de pastejo a partir do final de junho, com período de descanso de 25 dias. O delineamento utilizado foi inteiramente casualizado, em arranjo fatorial 3x2. A altura das plantas no pré-pastejo diferiu entre os cultivares (P<0,05) e os cultivares que apresentaram maiores alturas no pré-pastejo apresentaram maiores massas de forragem, com exceção do trigo. A massa de folhas não diferiu estatisticamente (P<0,05) entre a aveia e o trigo nas duas intensidades de pastejo avaliadas e as massas de colmos e de material morto foram maiores para o triticale independente da intensidade de pastejo imposta. Dentre as gramíneas estudadas, o resíduo de 10 cm de altura apresentou maior massa de forragem e o trigo apresentou maior produção de perfilhos, com maiores massas de folhas e menores de colmo. aForragem aPastejo1 aRUGGIERI, A. C.1 aPRADO, F.1 aAZENHA, M. V.1 aRAPOSO, E.1 aOLIVEIRA, J. A. de1 aFONTANELI, R. S.1 aBALBOS, D. F.